000 004210000a22001690004500
003 MACL
005 20160129151237.0
008 160129b xxu||||| |||| 00| 0 eng d
040 _aMACL
_cMACL
041 _aEnglish
082 _a823/SAN
100 _aGamble, Mcnally's
_935469
245 _aLawrence sanders
260 _bNew Enghlish Library
_c1997
_aNew Delhi
650 _aFiction
_935470
942 _cBK
_k823/San
_2ddc
999 _c31879
_d31879